British Ambassador to the UN gives a live video conference to Regeneration Forum (Record no. 102899)

MARC details
000 -LEADER
fixed length control field 01183cam a2200241 4500
001 - CONTROL NUMBER
control field J122653
008 - FIXED-LENGTH DATA ELEMENTS--GENERAL INFORMATION
fixed length control field 030618n2002 000 0 eng u
035 ## - SYSTEM CONTROL NUMBER
System control number (Sirsi) u122653
041 ## - LANGUAGE CODE
Language code of text/sound track or separate title eng
050 ## - LIBRARY OF CONGRESS CALL NUMBER
Classification number 711.52
-- 18
100 ## - MAIN ENTRY--PERSONAL NAME
Personal name Greenstock, Jeremy
245 ## - TITLE STATEMENT
Title British Ambassador to the UN gives a live video conference to Regeneration Forum
Medium [videorecording]
260 ## - PUBLICATION, DISTRIBUTION, ETC.
Place of publication, distribution, etc. London
Name of publisher, distributor, etc. RICS
Date of publication, distribution, etc. 2002
490 ## - SERIES STATEMENT
Series statement RICS Multimedia Presentations
490 ## - SERIES STATEMENT
Series statement RICS Regeneration Forum Lecture Series
520 ## - SUMMARY, ETC.
Summary, etc. Sir Jeremy Greenstock discusses global peace initiatives with Iraq and the effects of September 11 on both the city of New York and the world. The Ambassador chairs the committee on counter terrorism at the UN and is committed to passing the now famous resolution 1373 (2001) dealing with the need to combat all threats to international peace and security caused by terrorist acts. View at www.rics.org/multimedia/
650 ## - SUBJECT ADDED ENTRY--TOPICAL TERM
Topical term or geographic name entry element SEPTEMBER 11 ATTACKS
650 ## - SUBJECT ADDED ENTRY--TOPICAL TERM
Topical term or geographic name entry element TERRORISM
690 ## - LOCAL SUBJECT ADDED ENTRY--TOPICAL TERM (OCLC, RLIN)
Topical term or geographic name as entry element INTERNATIONAL
710 ## - ADDED ENTRY--CORPORATE NAME
Corporate name or jurisdiction name as entry element Royal Institution of Chartered Surveyors
9 (RLIN) 4900
710 ## - ADDED ENTRY--CORPORATE NAME
Corporate name or jurisdiction name as entry element Royal Institution of Chartered Surveyors
Subordinate unit Regeneration Forum
9 (RLIN) 4468
942 ## - ADDED ENTRY ELEMENTS (KOHA)
Suppress in OPAC 0
Holdings
Withdrawn status Lost status Source of classification or shelving scheme Damaged status Not for loan Home library Current library Shelving location Date acquired Total Checkouts Full call number Barcode Date last seen Copy number Price effective from Koha item type
    Dewey Decimal Classification     Virtual Virtual Online 18/06/2003   ONLINE PUBLICATION 122653-1001 06/08/2019 1 06/08/2019 Video